00353nam a2200133 a 450000500170000000800410001702000180005805000260007610000190010224500290012126000330015030000090018344000270019220140412111426.0090225s19uu xx 00 eng d a0-07-602715-5 aTR(GS 372.4bA19 2005 aAdams, Marilyn aSchool /cMarilyn Adams. aU.S.A :bMcGraw Hill,c2005. a63p. aSRA OPEN COURT READING